000 01034nam a22002057a 4500
003 OSt
005 20160620110315.0
008 150409b xxu||||| |||| 00| 0 eng d
040 _cBMC
082 _a658.1547284
100 1 _935681
_aAyala Castillo, Abrahan Aramit
245 1 0 _aPasantía de asistente a la gerencia administrativa de planificación y control de inventarios de calzado de la industria piel y calzado S.A. de C.V. de la ciudad de Santa Ana
_b: Informe final
_cAbrahan Aramit Ayala Castillo
260 _aSanta Ana (El Salvador)
_bUniversidad Católica de Occidente
_c2006
300 _a1 v. (pág. var.)
_c28 cm
_e+ 1 disco compacto
500 _aPrecede al tít.: Universidad Católica de Occidente, Facultad de Ciencias Económicas
502 _aTrabajo de graduación para optar al grado académico de Licenciado en Administración de Empresas
650 2 4 _910449
_aControl presupuestario
_zEl Salvador
710 2 _91067
_aUniversidad Católica de El Salvador
_bFacultad de Ciencias Empresariales
942 _2ddc
_cTG
999 _c22044
_d22044